|
|
|
|
| LEADER |
00919nam a2200253 a 4500 |
| 001 |
GR-MES1534 |
| 008 |
991111s1992 xxk 000 b eng d |
| 020 |
|
|
|a 0813310334
|
| 040 |
|
|
|a GrPaTEI
|b gre
|c GR-PaULI
|
| 245 |
0 |
4 |
|a The sociology of economic life.
|
| 260 |
|
|
|a Oxford :
|b Westview Press,
|c 1992
|
| 300 |
|
|
|a 399σ.
|
| 500 |
|
|
|a Περιλαμβάνει ευρετήρια.
|
| 650 |
|
4 |
|a Καπιταλισμός
|
| 650 |
|
4 |
|a ΚΟΙΟΝΩΝΙΟΛΟΓΙΑ
|
| 650 |
|
4 |
|a Οικονομία
|
| 650 |
|
4 |
|a Οικονομική ιστορία
|
| 700 |
1 |
|
|a Granovetter, Mark
|
| 700 |
1 |
|
|a Swedberg, Richard
|
| 710 |
0 |
|
|a Westview Press
|
| 942 |
|
|
|2 ddc
|
| 952 |
|
|
|0 0
|1 0
|2 ddc
|4 0
|6 306_300000000000000_GRA
|7 0
|9 265767
|a MSLG
|b MSLG
|c BSC
|d 2021-01-17
|e 24
|f 0
|g 0.00
|l 0
|o 306.3 GRA
|p 2420000002594
|r 2021-01-17 00:00:00
|t 1
|w 2021-01-17
|y BK15
|x 19991111 0 1
|x GrPaTEI
|
| 971 |
|
|
|a .b25725774
|b 15-04-20
|c 13-09-16
|
| 999 |
|
|
|c 152773
|d 152773
|